| 000 | 00547nam a22001937a 4500 | ||
|---|---|---|---|
| 005 | 20231205112744.0 | ||
| 008 | 231205b ||||| |||| 00| 0 eng d | ||
| 020 | _a9788188826022 | ||
| 040 | _cAL | ||
| 041 | _aeng | ||
| 082 |
_223 _a615.1 _bPURP |
||
| 100 |
_aPurohit S S _9144448 |
||
| 245 | _aPharmaceutical Biotechnology | ||
| 260 |
_aJodhpur _bStudent Edition _c2003 |
||
| 300 |
_a528p. _bPB _c24x18.5cm. |
||
| 650 |
_2Pharmacology and therapeutics _aPharmacology _9144449 |
||
| 700 |
_aKakrani H N; Saluja A K _9144450 |
||
| 942 |
_2ddc _cBK |
||
| 999 |
_c229381 _d229381 |
||